01330nam a22002415i 450000100090000000300050000900500170001400800410003101000170007202000180008904000230010704200080013008200180013810000290015624500650018526300090025026400550025930000210031433600260033533700280036133800270038950506720041620281200NUST20221006110812.0180116s2018 nyu 000 0 eng  a 2018931502 a9789811079641 aDLCbengerdacDLC apcc a537.5344, CHA aParkash Kumar Chaturvedi00aMicrowave, radar & RF engineering:b with laboratory manual  a1804 1aNew York, NY :bSpringer Berlin Heidelberg,c2018. axvii, 466: pages atextbtxt2rdacontent aunmediatedbn2rdamedia avolumebnc2rdacarrier aIntroduction to Microwaves (Page-1), Transmission Lines, Waveguides, Strip Lines, and Stub Matching by Smith Chart (Page-19), Microwave Cavity Resonators (Page-81),Microwave Components and Their Scattering Matrices (Page-101),Microwave Tubes as Microwave Source (Oscillators) and Amplifiers (Page-151),Microwave Semiconductors Devices: Oscillators, Amplifiers, and Circuit (Page-193),Microwave Measurement: Instruments and Techniques (Page-271),Microwave Propagation in Space and Microwave Antennas (Page-297),Radar (Page-333),RF Filter Design (Page-355),RF Amplifiers, Oscillator, and Mixers (Page-401),Simple Laboratory Experiments and Laboratory Manual (Page-423).